<?xml version="1.0" encoding="UTF-8"?><?xml-stylesheet type="text/xsl" href="static/style.xsl"?><OAI-PMH xmlns="http://www.openarchives.org/OAI/2.0/" xmlns:xsi="http://www.w3.org/2001/XMLSchema-instance" xsi:schemaLocation="http://www.openarchives.org/OAI/2.0/ http://www.openarchives.org/OAI/2.0/OAI-PMH.xsd"><responseDate>2026-04-17T06:08:06Z</responseDate><request verb="GetRecord" identifier="oai:www.recercat.cat:10256/9259" metadataPrefix="marc">https://recercat.cat/oai/request</request><GetRecord><record><header><identifier>oai:recercat.cat:10256/9259</identifier><datestamp>2024-06-06T10:09:39Z</datestamp><setSpec>com_2072_452966</setSpec><setSpec>com_2072_2054</setSpec><setSpec>col_2072_452967</setSpec></header><metadata><record xmlns="http://www.loc.gov/MARC21/slim" xmlns:dcterms="http://purl.org/dc/terms/" xmlns:xsi="http://www.w3.org/2001/XMLSchema-instance" xmlns:doc="http://www.lyncode.com/xoai" xsi:schemaLocation="http://www.loc.gov/MARC21/slim http://www.loc.gov/standards/marcxml/schema/MARC21slim.xsd">
   <leader>00925njm 22002777a 4500</leader>
   <datafield ind2=" " ind1=" " tag="042">
      <subfield code="a">dc</subfield>
   </datafield>
   <datafield ind2=" " ind1=" " tag="720">
      <subfield code="a">Calm Serra, Jaume</subfield>
      <subfield code="e">author</subfield>
   </datafield>
   <datafield ind2=" " ind1=" " tag="260">
      <subfield code="c">2014-06</subfield>
   </datafield>
   <datafield ind2=" " ind1=" " tag="520">
      <subfield code="a">Creació de dos prototips, un per Android i l'altre per&#xd;
Unity, establint les bases per a la producció d'un videojoc d'acció lateral (Beat 'em up)&#xd;
amb plataformes (puzles) anomenat "Ouroboros". Android és un sistema operatiu basat en Linux, designat primerament per mòbils tàctils&#xd;
(smartphones) i tabletes. En concret s'utilitzarà el SDK (Software Development Kit) dins de&#xd;
l'entorn de programació Eclipse amb llenguatge Java, i les bases d'un framework&#xd;
anomenat LibGDX. Unity, en canvi, és un motor de videojocs multi-plataforma amb un entorn de&#xd;
desenvolupament integrat, del que nosaltres utilitzarem la versió en Javascript.&#xd;
Es volen explorar les dues plataformes per tal d'esbrinar quina de les dues vies és la més&#xd;
idònia de cares a la producció final d'un joc</subfield>
   </datafield>
   <datafield ind1="8" ind2=" " tag="024">
      <subfield code="a">http://hdl.handle.net/10256/9259</subfield>
   </datafield>
   <datafield tag="653" ind2=" " ind1=" ">
      <subfield code="a">Jocs per ordinador -- Programació</subfield>
   </datafield>
   <datafield tag="653" ind2=" " ind1=" ">
      <subfield code="a">Videojocs -- Disseny</subfield>
   </datafield>
   <datafield tag="653" ind2=" " ind1=" ">
      <subfield code="a">Video games -- Design</subfield>
   </datafield>
   <datafield tag="653" ind2=" " ind1=" ">
      <subfield code="a">Computer game -- Programming</subfield>
   </datafield>
   <datafield ind2="0" ind1="0" tag="245">
      <subfield code="a">Desenvolupament de prototips (Android/LibGDX i Unity), per a la producció d'un videojoc d'acció lateral amb plataformes (Ouroboros)</subfield>
   </datafield>
</record></metadata></record></GetRecord></OAI-PMH>